Statistics for Gues the country

Click here to take the quiz!

General Stats

  • This quiz has been taken 27 times
  • The average score is 7 of 15

Answer Stats

HintAnswer% Correct
this country annexed Tibet
in 1950-1951
China
73%
this country is the only to be an semi regognized
country that has a permanent un council member
China
73%
this country is the only country in the world
that has two country's inside
Italy
68%
this former country has 10 letters and starts with
a y and ends with an a
Yugoslavia
68%
this country has is the last country alphabeticallyZimbabwe
68%
The only country
that starts with this
letter
Oman
64%
The leading country in
gas exports
Russia
64%
this country is the only communist country in the
amaricas
Cuba
50%
this country is named after the river not the
basketball player
Jordan
50%
this country has a black trident on the middle
of its flag
Barbados
36%
this country is the biggest countries that have stan
at the end
Kazakhstan
32%
the soviet unions colapse brung on many new
countries the smallest of witch was
Moldova
27%
this country's name gives you the most points
in scrabble
Mozambique
23%
this country is the only country in oceania that
regonized obkazia
Vanuatu
9%
this country is the least globally
recognized while still being recognized
Transnistria
5%

Score Distribution

Percentile by Number Answered

Percent of People with Each Score

Your Score History

You have not taken this quiz